MARC

LEADER 00000cam a2200000 7i4500
001 0000024579
005 20121022.0
008 121004 my a f may
040 |a INS 
090 0 0 |a M313 
110 1 |a Bengkel komunikasi berkesan ,   |d 2011 21 - 23 November   |c INSPEN, Bangi 
245 1 0 |a Bengkel komunikasi berkesan :   |b 21 - 23 November 2011   |c Anjuran Pusat Pengurusan dan Teknologi Maklumat, INSPEN 
260 |a Bangi :   |b Institut Penilaian Negara ,   |c 2011 
300 |a 1 v.( Mukasurat pelbagai ) :   |b ill. ;   |c 30 cm. 
650 0 0 |a Communication 
650 0 0 |a Communication in management 
710 1 |a INSPEN ( Institut Penilaian Negara ) 
856 |u http://app.inspen.gov.my:7779/pls/portal/docs/PAGE/CORPORATEPAGES/PORTAL_INSPEN/NOTA_KURSUS/MANAGEMENT/BENGKEL%20KOMUNIKASI%20BERKESAN.PDF 
999 |a M000000726   |b BOOK   |c Course Notes   |e Default branch 
999 |a M000000727   |b BOOK   |c Course Notes   |e Default branch 
999 |a M000000735   |b BOOK   |c Course Notes   |e Default branch